Manual de direito processual do trabalho / (Record no. 624)

MARC details
000 -LÍDER
Campo Fixo de Controle 00769nam a2200265 a 4500
001 - NÚMERO DE CONTROLE
Campo de Controle 624
003 - IDENTIFICAÇÃO DO NÚMERO DE CONTROLE
Campo de Controle BR-CuiBMT
005 - DATA E HORA DA ÚLTIMA ATUALIZAÇÃO
Campo de Controle 20231213131457.0
008 - DADOS FIXOS
Dados Fixos 231110s2008 spb 000 0 por d
020 ## - INTERNATIONAL STANDARD BOOK NUMBER
Nº do ISBN 9788536111018
040 ## - AGÊNCIA CATALOGADORA
Código da Agência Catalogadora BR-CuiBMT
Agência que transcreveu o registro BR-CuiBMT
080 ## - Nº DA CLASSIFICAÇÃO DECIMAL UNIVERSAL
Nº edição CDU 2007
Nº Class. CDU 342.9:347.9
090 ## - NÚMERO DE CHAMADA
Nº classificação 342.9:347.9
Cutter S329m
100 1# - ENTRADA PRINCIPAL -- AUTOR PESSOAL
Nome pessoal Schiavi, Mauro
245 10 - TÍTULO PRINCIPAL
Título principal Manual de direito processual do trabalho /
Indicação de responsabilidade Mauro Schiavi.
250 ## - EDIÇÃO
Edição [1. ed.]
260 ## - PUBLICAÇÃO, DISTRIBUIÇÃO, ETC.
Local de publicação São Paulo :
Editora LTr,
Data 2008.
300 ## - DESCRIÇÃO FÍSICA
N. páginas ou volumes 984 p. ;
Dimensões 24 cm
504 ## - NOTA DE BIBLIOGRAFIA, ETC.
Nota de bibliografia Inclui bibliografia.
590 ## - NOTA LOCAL
Nota local A Biblioteca possui a 2. reimpr. 2008.
650 ## - ASSUNTO TÓPICO
Cabeçalho tópico ou nome geográfico Processo do trabalho
Subdivisão geral Teoria geral
650 ## - ASSUNTO TÓPICO
Cabeçalho tópico ou nome geográfico Direito do trabalho
Subdivisão geográfica Brasil
650 ## - ASSUNTO TÓPICO
Cabeçalho tópico ou nome geográfico Justiça do trabalho
Subdivisão geográfica Brasil
942 ## - ELEMENTOS DE ENTRADA ADICIONAIS (KOHA)
Fonte de classificação ou esquema de arquivamento Classificação Decimal Universal
Tipo de item do Koha Livros
Holdings
Estado: removido Estado: perdido Fonte de classificação ou esquema de arquivamento Estado: danificado Indisponível para empréstimo Localização permanente Localização atual Data de aquisição Total Checkouts Número de Chamada completo Código de barras Date last seen Número do exemplar Preço efetivo a partir de Tipo de item (Koha) Nota pública
    Classificação Decimal Universal     Biblioteca da Escola Superior de Contas do TCE/MT Biblioteca da Escola Superior de Contas do TCE/MT 10/11/2023   342.9:347.9 S329m BIBTCEMT23110446 10/11/2023 Ex. 1 10/11/2023 Livros 2. reimpr. 2008

Powered by Koha